000 00234nam a22000977a 4500
008 160506b xxu||||| |||| 00| 0 eng d
041 _aeng
080 _a61
245 _aAttorneys medical deskbook:
_cDan J. Tennenhouse;
942 _2udc
_cBK
999 _c1858
_d1858